Language Quiz

Random Language or Letter Quiz

Constant Consonants 'P' Quiz Stats

 Plays Quiz Updated Oct 5, 2018

Challenge
Share
Tweet
Embed
Score 0/18 Timer 05:00
4 Plays Today
Clue (Length) Answer % Correct
Vatican leader (4)Pope
97%
Pod vegetable that's really a fruit (3)Pea
92%
Used for smoking, plumbing or music (4)Pipe
91.8%
Young seal (3)Pup
91.3%
Gibbon, chimp or gorilla (3)Ape
90.7%
'The Raven' author (3)Poe
89.9%
2009 Pixar movie (2)Up
89.8%
Madonna: '____ Don't Preach' (4)Papa
88.9%
Pastry dessert (3)Pie
87.1%
Clue (Length) Answer % Correct
Baby bird sound (4)Peep
87.1%
Cartoon skunk Le Pew (4)Pepé
86%
Software program for a mobile device (3)App
84.1%
Longstocking of fiction (5)Pippi
81.4%
Flanders Fields flower (5)Poppy
78.8%
Sailing ship's stern deck (4)Poop
72.6%
Embryo, larva, ____, imago (4)Pupa
71.3%
Indonesian province on New Guinea (5)Papua
71.3%
Fencing weapon (4)Epee
64.3%

You're not logged in!

Compare scores with friends on all Sporcle quizzes.
Join for Free
OR
Log In

You Might Also Like...

Show Comments

Extras

Top Quizzes Today


Score Distribution

Your Account Isn't Verified!

In order to create a playlist on Sporcle, you need to verify the email address you used during registration. Go to your Sporcle Settings to finish the process.

Report this User

Report this user for behavior that violates our Community Guidelines.

Details: